観光業従事者の多い自治体 - Statistics

General Stats
  • This quiz has been taken 236 times
  • The average score is 9 of 20
Answer Stats
自治体名 都道府県 人口構成比(%) % Correct
箱根町 神奈川県 46.0
98%
草津町 群馬県 45.4
92%
熱海市 静岡県 24.9
66%
白馬村 長野県 29.3
62%
湯沢町 新潟県 27.9
62%
山中湖村 山梨県 27.0
50%
白川村 岐阜県 26.0
50%
竹富町 沖縄県 29.5
49%
野沢温泉村 長野県 24.9
46%
檜枝岐村 福島県 44.0
45%
恩納村 沖縄県 25.8
39%
占冠村 北海道 43.7
38%
東伊豆町 静岡県 27.0
37%
小谷村 長野県 24.7
35%
渡嘉敷村 沖縄県 35.6
34%
座間味村 沖縄県 30.3
28%
留寿都村 北海道 29.7
28%
南小国町 熊本県 29.1
26%
北塩原村 福島県 28.2
21%
天川村 奈良県 27.7
20%
No matching quizzes found
Score Distribution
Percent of People with Each Score
Percentile by Number Answered
Your Score History
You have not taken this quiz